[Event "Manhem Chess Week-GM 2019"]
[Site "Moelnlycke"]
[Date "2019.08.10"]
[Round "1.1"]
[White "Haubro, Martin"]
[Black "Urkedal, Frode Olav Olsen"]
[Result "0-1"]
[WhiteElo "2356"]
[BlackElo "2566"]
[Annotator "ChessBase"]
[PlyCount "58"]
[EventDate "2019.08.10"]
[EventType "tourn"]
[EventCountry "SWE"]
[SourceTitle "playchess.com"]
[Source "ChessBase"]
[SourceQuality "1"]
[TimeControl "40/5400+30:1800+30"]

1. e4 {[%emt 0:00:00]} e5 {[%emt 0:00:00]} 2. Nf3 {[%emt 0:00:00]} Nc6 {[%emt 0:00:00]} 3. Bb5 {[%emt 0:00:00]} a6 {[%emt 0:00:00]} 4. Ba4 {[%emt 0:00:00]} Nf6 {[%emt 0:00:00]} 5. O-O {[%emt 0:00:00]} Be7 {[%emt 0:00:04]} 6. Re1 {[%emt 0:00:00]} b5 {[%emt 0:00:10]} 7. Bb3 {[%emt 0:00:00]} O-O {[%emt 0:00:09]} 8. a4 {[%emt 0:00:00]} b4 {[%emt 0:00:11]} 9. a5 {[%emt 0:00:18]} d6 {[%emt 0:00:35]} 10. d3 {[%emt 0:00:06]} Be6 {[%emt 0:01:14]} 11. Bxe6 {[%emt 0:01:01]} fxe6 {[%emt 0:00:05]} 12. Nbd2 {[%emt 0:00:06]} Qe8 {[%emt 0:09:07]} 13. Nb3 {[%emt 0:01:06]} Nh5 {[%emt 0:01:41]} 14. c3 {[%emt 0:26:13]} bxc3 {[%emt 0:06:28]} 15. bxc3 {[%emt 0:00:08]} Qg6 {[%emt 0:07:43]} 16. Be3 {[%emt 0:12:11]} Nf4 {[%emt 0:05:26]} 17. Bxf4 {[%emt 0:00:11]} Rxf4 {[%emt 0:00:07]} 18. Nbd2 {[%emt 0:04:46]} Raf8 {[%emt 0:04:33]} 19. Qa4 {[%emt 0:24:04]} Nd8 {[%emt 0:29:30]} 20. Qc4 {[%emt 0:00:00]} Qf7 {[%emt 0:07:49]} 21. Qxa6 {[%emt 0:05:29]} g5 {[%emt 0:00:29]} 22. Qc4 {[%emt 0:14:24]} g4 {[%emt 0:00:50]} 23. a6 {[%emt 0:00:03]} gxf3 {[%emt 0:00:55]} 24. a7 {[%emt 0:00:05]} fxg2 {[%emt 0:05:23]} 25. f3 {[%emt 0:02:20]} d5 {[%emt 0:01:32]} 26. Qxc7 {[%emt 0:04:09]} Rxf3 {[%emt 0:00:54]} 27. a8=Q {[%emt 0:03:09]} Re3 {[%emt 0:00:24]} 28. Rf1 {[%emt 0:03:31]} gxf1=Q+ {[%emt 0:00:13]} 29. Rxf1 {[%emt 0:00:06]} Re1 {[%emt 0:00:04]} 0-1

[Event "Manhem Chess Week-GM 2019"]
[Site "Moelnlycke"]
[Date "2019.08.10"]
[Round "1.2"]
[White "Lindgren, Philip"]
[Black "Blomqvist, Erik"]
[Result "0-1"]
[WhiteElo "2362"]
[BlackElo "2492"]
[Annotator "ChessBase"]
[PlyCount "46"]
[EventDate "2019.08.10"]
[EventType "tourn"]
[EventCountry "SWE"]
[SourceTitle "playchess.com"]
[Source "ChessBase"]
[SourceQuality "1"]
[TimeControl "40/5400+30:1800+30"]

1. d4 {[%emt 0:00:00]} Nf6 {[%emt 0:00:00]} 2. c4 {[%emt 0:00:00]} e6 {[%emt 0:00:00]} 3. Nf3 {[%emt 0:00:30]} d5 {[%emt 0:00:30]} 4. g3 {[%emt 0:00:53]} Bb4+ {[%emt 0:00:25]} 5. Bd2 {[%emt 0:00:48]} a5 {[%emt 0:00:11]} 6. Qc2 {[%emt 0:04:24]} O-O {[%emt 0:00:28]} 7. Bg2 {[%emt 0:02:20]} Be7 {[%emt 0:00:47]} 8. O-O {[%emt 0:03:28]} c6 {[%emt 0:00:52]} 9. Bg5 {[%emt 0:10:30]} b6 {[%emt 0:10:39]} 10. Nbd2 {[%emt 0:04:03]} Bb7 {[%emt 0:04:10]} 11. e4 {[%emt 0:03:04]} Nxe4 {[%emt 0:20:13]} 12. Nxe4 {[%emt 0:01:38]} dxe4 {[%emt 0:00:05]} 13. Bxe7 {[%emt 0:00:18]} Qxe7 {[%emt 0:00:05]} 14. Qxe4 {[%emt 0:00:08]} Nd7 {[%emt 0:02:10]} 15. Ne5 {[%emt 0:05:27]} Nxe5 {[%emt 0:04:07]} 16. Qxe5 {[%emt 0:03:39]} c5 {[%emt 0:00:56]} 17. d5 {[%emt 0:01:09]} Rad8 {[%emt 0:19:36]} 18. Rad1 {[%emt 0:05:26]} Rd6 {[%emt 0:00:10]} 19. Rfe1 {[%emt 0:14:40]} Rfd8 {[%emt 0:02:09]} 20. Qh5 {[%emt 0:09:01]} g6 {[%emt 0:04:09]} 21. Qg4 {[%emt 0:10:00]} Kg7 {[%emt 0:04:37]} 22. dxe6 {[%emt 0:07:12]} Rxd1 {[%emt 0:00:13]} 23. Rxd1 {[%emt 0:02:06]} Qxe6 {[%emt 0:00:22]} 0-1

[Event "Manhem Chess Week-GM 2019"]
[Site "Moelnlycke"]
[Date "2019.08.10"]
[Round "1.3"]
[White "Hector, Jonny"]
[Black "Golubka, Petro"]
[Result "0-1"]
[WhiteElo "2487"]
[BlackElo "2483"]
[Annotator "ChessBase"]
[PlyCount "110"]
[EventDate "2019.08.10"]
[EventType "tourn"]
[EventCountry "SWE"]
[SourceTitle "playchess.com"]
[Source "ChessBase"]
[SourceQuality "1"]
[TimeControl "40/5400+30:1800+30"]

1. e4 {[%emt 0:00:00]} c5 {[%emt 0:00:00]} 2. Nf3 {[%emt 0:00:00]} d6 {[%emt 0:00:00]} 3. d4 {[%emt 0:00:00]} cxd4 {[%emt 0:00:00]} 4. Nxd4 {[%emt 0:00:06]} Nf6 {[%emt 0:00:00]} 5. Nc3 {[%emt 0:00:09]} a6 {[%emt 0:00:00]} 6. Bg5 {[%emt 0:00:21]} e6 {[%emt 0:00:07]} 7. f4 {[%emt 0:00:22]} Qb6 {[%emt 0:00:05]} 8. Nb3 {[%emt 0:03:34]} Nbd7 {[%emt 0:00:24]} 9. Qd2 {[%emt 0:03:31]} Be7 {[%emt 0:01:10]} 10. O-O-O {[%emt 0:00:43]} Qc7 {[%emt 0:00:21]} 11. Bd3 {[%emt 0:03:19]} h6 {[%emt 0:07:29]} 12. Bxf6 {[%emt 0:08:34]} Nxf6 {[%emt 0:09:18]} 13. Qe2 {[%emt 0:02:37]} b5 {[%emt 0:05:25]} 14. e5 {[%emt 0:02:30]} dxe5 {[%emt 0:00:12]} 15. fxe5 {[%emt 0:00:17]} Nd7 {[%emt 0:00:01]} 16. Rhe1 {[%emt 0:08:42]} Bb7 {[%emt 0:01:44]} 17. Be4 {[%emt 0:02:02]} Bxe4 {[%emt 0:04:41]} 18. Qxe4 {[%emt 0:00:41]} O-O {[%emt 0:00:39]} 19. Nd4 {[%emt 0:06:42]} Rac8 {[%emt 0:01:17]} 20. Nf3 {[%emt 0:05:42]} Rfd8 {[%emt 0:01:54]} 21. Kb1 {[%emt 0:09:02]} Nc5 {[%emt 0:09:58]} 22. Qe2 {[%emt 0:01:52]} b4 {[%emt 0:06:54]} 23. Ne4 {[%emt 0:00:34]} a5 {[%emt 0:00:30]} 24. Rxd8+ {[%emt 0:06:25]} Rxd8 {[%emt 0:00:25]} 25. Nxc5 {[%emt 0:06:30]} Qxc5 {[%emt 0:00:29]} 26. b3 {[%emt 0:00:51]} Qd5 {[%emt 0:05:31]} 27. Qe4 {[%emt 0:06:28]} f5 {[%emt 0:04:59]} 28. Qxd5 {[%emt 0:04:45]} Rxd5 {[%emt 0:00:04]} 29. c4 {[%emt 0:06:38]} bxc3 {[%emt 0:02:12]} 30. Kc2 {[%emt 0:00:08]} g5 {[%emt 0:06:32]} 31. Rd1 {[%emt 0:00:03]} Rxd1 {[%emt 0:01:42]} 32. Kxd1 {[%emt 0:00:03]} Bc5 {[%emt 0:01:29]} 33. h3 {[%emt 0:05:23]} Bf2 {[%emt 0:07:15]} 34. Kc2 {[%emt 0:02:54]} g4 {[%emt 0:02:57]} 35. hxg4 {[%emt 0:00:09]} fxg4 {[%emt 0:00:08]} 36. Nh2 {[%emt 0:00:07]} h5 {[%emt 0:00:26]} 37. Kxc3 {[%emt 0:00:21]} Bg3 {[%emt 0:00:17]} 38. Nf1 {[%emt 0:00:05]} Bxe5+ {[%emt 0:00:06]} 39. Kd3 {[%emt 0:00:17]} Kf7 {[%emt 0:08:25]} 40. Ke4 {[%emt 0:01:46]} Bc7 {[%emt 0:01:27]} 41. Ne3 {[%emt 0:33:40]} Kf6 {[%emt 0:30:37]} 42. a3 {[%emt 0:00:30]} Kg5 {[%emt 0:00:36]} 43. b4 {[%emt 0:00:34]} a4 {[%emt 0:02:26]} 44. Nc2 {[%emt 0:00:00]} h4 {[%emt 0:00:00]} 45. Nd4 {[%emt 0:00:00]} Kf6 {[%emt 0:00:00]} 46. Ne2 {[%emt 0:00:00]} h3 {[%emt 0:00:00]} 47. gxh3 {[%emt 0:00:00]} gxh3 {[%emt 0:00:00]} 48. Kf3 {[%emt 0:00:00]} Be5 {[%emt 0:00:00]} 49. Nc1 {[%emt 0:00:00]} Kf5 {[%emt 0:00:00]} 50. Nd3 {[%emt 0:00:00]} Bd4 {[%emt 0:00:05]} 51. b5 {[%emt 0:00:59]} h2 {[%emt 0:01:44]} 52. Kg2 {[%emt 0:00:06]} Ke4 {[%emt 0:00:04]} 53. Nb4 {[%emt 0:01:06]} Bc5 {[%emt 0:00:55]} 54. Kxh2 {[%emt 0:00:23]} Bxb4 {[%emt 0:00:42]} 55. axb4 {[%emt 0:00:10]} Ke5 {[%emt 0:00:11]} 0-1

[Event "Manhem Chess Week-GM 2019"]
[Site "Moelnlycke"]
[Date "2019.08.10"]
[Round "1.4"]
[White "Wiedenkeller, Michael"]
[Black "Seo, Jung Min"]
[Result "0-1"]
[WhiteElo "2461"]
[BlackElo "2399"]
[Annotator "ChessBase"]
[PlyCount "126"]
[EventDate "2019.08.10"]
[EventType "tourn"]
[EventCountry "SWE"]
[SourceTitle "playchess.com"]
[Source "ChessBase"]
[SourceQuality "1"]
[TimeControl "40/5400+30:1800+30"]

1. d4 {[%emt 0:00:00]} Nf6 {[%emt 0:00:00]} 2. c4 {[%emt 0:00:13]} c5 {[%emt 0:00:00]} 3. d5 {[%emt 0:00:22]} d6 {[%emt 0:00:26]} 4. Nc3 {[%emt 0:00:59]} g6 {[%emt 0:00:05]} 5. e4 {[%emt 0:02:08]} Bg7 {[%emt 0:00:07]} 6. Bd3 {[%emt 0:01:05]} e5 {[%emt 0:03:42]} 7. Nge2 {[%emt 0:04:03]} O-O {[%emt 0:00:25]} 8. O-O {[%emt 0:04:08]} Nh5 {[%emt 0:04:38]} 9. Be3 {[%emt 0:03:03]} Nd7 {[%emt 0:01:42]} 10. Qd2 {[%emt 0:04:27]} f5 {[%emt 0:00:52]} 11. f4 {[%emt 0:08:20]} exf4 {[%emt 0:03:40]} 12. Nxf4 {[%emt 0:00:36]} Nxf4 {[%emt 0:00:30]} 13. Bxf4 {[%emt 0:01:32]} Ne5 {[%emt 0:00:15]} 14. Be2 {[%emt 0:02:49]} a6 {[%emt 0:05:17]} 15. exf5 {[%emt 0:09:39]} gxf5 {[%emt 0:11:47]} 16. Bd3 {[%emt 0:10:02]} Bd7 {[%emt 0:04:48]} 17. Kh1 {[%emt 0:08:49]} Qf6 {[%emt 0:06:13]} 18. Bxe5 {[%emt 0:06:48]} Qxe5 {[%emt 0:00:40]} 19. Rae1 {[%emt 0:00:39]} Qd4 {[%emt 0:04:10]} 20. Qc2 {[%emt 0:06:07]} Qf6 {[%emt 0:00:52]} 21. g4 {[%emt 0:05:34]} f4 {[%emt 0:02:37]} 22. Bxh7+ {[%emt 0:01:37]} Kh8 {[%emt 0:00:04]} 23. Bf5 {[%emt 0:03:35]} Bxf5 {[%emt 0:00:09]} 24. gxf5 {[%emt 0:00:31]} Qxf5 {[%emt 0:00:02]} 25. Qf2 {[%emt 0:01:19]} Be5 {[%emt 0:04:44]} 26. Qf3 {[%emt 0:03:44]} Rg8 {[%emt 0:00:37]} 27. Rg1 {[%emt 0:00:43]} Rxg1+ {[%emt 0:00:50]} 28. Rxg1 {[%emt 0:00:12]} Rg8 {[%emt 0:00:07]} 29. Ne4 {[%emt 0:05:48]} Rxg1+ {[%emt 0:04:00]} 30. Kxg1 {[%emt 0:00:01]} Bxb2 {[%emt 0:00:15]} 31. h3 {[%emt 0:03:56]} b5 {[%emt 0:02:43]} 32. Kf1 {[%emt 0:02:13]} Be5 {[%emt 0:05:34]} 33. cxb5 {[%emt 0:00:43]} axb5 {[%emt 0:00:01]} 34. Nf2 {[%emt 0:00:35]} Kg7 {[%emt 0:01:23]} 35. Qb3 {[%emt 0:00:25]} b4 {[%emt 0:01:48]} 36. a3 {[%emt 0:00:26]} bxa3 {[%emt 0:01:30]} 37. Qxa3 {[%emt 0:00:01]} Bd4 {[%emt 0:01:00]} 38. Qa7+ {[%emt 0:00:27]} Kg6 {[%emt 0:00:14]} 39. Qb8 {[%emt 0:00:50]} Qxd5 {[%emt 0:00:29]} 40. Qe8+ {[%emt 0:00:38]} Qf7 {[%emt 0:00:17]} 41. Qe4+ {[%emt 0:30:46]} Qf5 {[%emt 0:30:06]} 42. Qe8+ {[%emt 0:00:15]} Qf7 {[%emt 0:01:12]} 43. Qe4+ {[%emt 0:00:06]} Kg7 {[%emt 0:00:03]} 44. Nd3 {[%emt 0:00:00]} Be3 {[%emt 0:00:00]} 45. Ke1 {[%emt 0:00:00]} c4 {[%emt 0:00:00]} 46. Nb4 {[%emt 0:00:00]} c3 {[%emt 0:00:00]} 47. Kd1 {[%emt 0:00:00]} Bd2 {[%emt 0:00:00]} 48. Qd4+ {[%emt 0:00:00]} Qf6 {[%emt 0:00:00]} 49. Qa7+ {[%emt 0:00:00]} Kh6 {[%emt 0:00:00]} 50. Nd5 {[%emt 0:00:00]} Qg7 {[%emt 0:00:00]} 51. Qf2 {[%emt 0:00:00]} Qg5 {[%emt 0:00:00]} 52. Qd4 {[%emt 0:00:00]} Qe5 {[%emt 0:00:00]} 53. Qc4 {[%emt 0:00:00]} Qe1+ {[%emt 0:00:00]} 54. Kc2 {[%emt 0:00:00]} Qc1+ {[%emt 0:00:00]} 55. Kb3 {[%emt 0:00:00]} Qb2+ {[%emt 0:00:00]} 56. Ka4 {[%emt 0:00:00]} c2 {[%emt 0:00:00]} 57. Nc3 {[%emt 0:00:00]} Qxc3 {[%emt 0:00:00]} 58. Qe6+ {[%emt 0:00:00]} Kg7 {[%emt 0:00:00]} 59. Qe7+ {[%emt 0:00:41]} Kg6 {[%emt 0:00:00]} 60. Qe8+ {[%emt 0:02:22]} Kf5 {[%emt 0:00:00]} 61. Qh5+ {[%emt 0:02:45]} Ke4 {[%emt 0:00:00]} 62. Qg6+ {[%emt 0:00:30]} Kf3 {[%emt 0:00:00]} 63. Qg4+ {[%emt 0:00:24]} Kf2 {[%emt 0:00:00]} 0-1

[Event "Manhem Chess Week-GM 2019"]
[Site "Moelnlycke"]
[Date "2019.08.10"]
[Round "1.5"]
[White "Vypkhaniuk, Ihor"]
[Black "Ahlander, Bjorn"]
[Result "1-0"]
[WhiteElo "2402"]
[BlackElo "2391"]
[Annotator "NA"]
[PlyCount "117"]
[EventDate "2019.08.10"]
[EventType "tourn"]
[EventCountry "SWE"]
[SourceTitle "playchess.com"]
[Source "ChessBase"]
[SourceQuality "1"]
[TimeControl "40/5400+30:1800+30"]

1. Nf3 {[%emt 0:00:04]} Nf6 {[%emt 0:00:00]} 2. g3 {[%emt 0:00:21]} d5 {[%emt 0:00:00]} 3. Bg2 {[%emt 0:00:12]} c5 {[%emt 0:00:08]} 4. c4 {[%emt 0:05:02]} d4 {[%emt 0:01:44]} 5. b4 {[%emt 0:00:19]} cxb4 {[%emt 0:06:01]} 6. a3 {[%emt 0:00:40]} b3 {[%emt 0:02:06]} 7. a4 {[%emt 0:01:55]} Nc6 {[%emt 0:00:28]} 8. Ba3 {[%emt 0:00:41]} g6 {[%emt 0:05:41]} 9. d3 {[%emt 0:05:14]} Bg7 {[%emt 0:01:27]} 10. Nbd2 {[%emt 0:04:49]} O-O {[%emt 0:00:04]} 11. Nxb3 {[%emt 0:01:19]} Re8 {[%emt 0:03:10]} 12. O-O {[%emt 0:00:34]} Rb8 {[%emt 0:04:47]} 13. a5 {[%emt 0:02:30]} e5 {[%emt 0:01:59]} 14. Nfd2 {[%emt 0:04:41]} Qc7 {[%emt 0:07:21]} 15. Nc5 {[%emt 0:03:46]} Bf5 {[%emt 0:13:12]} 16. Qa4 {[%emt 0:25:39]} Rec8 {[%emt 0:07:58]} 17. Rfb1 {[%emt 0:04:09]} Bf8 {[%emt 0:02:28]} 18. Nce4 {[%emt 0:04:45]} Nxe4 {[%emt 0:01:09]} 19. Nxe4 {[%emt 0:00:15]} Kg7 {[%emt 0:01:54]} 20. Bxf8+ {[%emt 0:01:10]} Rxf8 {[%emt 0:03:05]} 21. Qa3 {[%emt 0:03:44]} Rfd8 {[%emt 0:08:11]} 22. Rb5 {[%emt 0:02:27]} Bg4 {[%emt 0:07:43]} 23. Rab1 {[%emt 0:07:55]} h5 {[%emt 0:01:45]} 24. Nc5 {[%emt 0:08:11]} Bxe2 {[%emt 0:06:58]} 25. h3 {[%emt 0:03:48]} h4 {[%emt 0:07:34]} 26. Qa2 {[%emt 0:04:37]} Bxd3 {[%emt 0:02:48]} 27. Nxd3 {[%emt 0:00:09]} hxg3 {[%emt 0:00:06]} 28. fxg3 {[%emt 0:01:14]} a6 {[%emt 0:02:39]} 29. Rb6 {[%emt 0:01:17]} e4 {[%emt 0:00:21]} 30. Bxe4 {[%emt 0:00:52]} Qxg3+ {[%emt 0:00:05]} 31. Qg2 {[%emt 0:00:27]} Qe3+ {[%emt 0:00:08]} 32. Kh2 {[%emt 0:01:27]} Rbc8 {[%emt 0:02:22]} 33. Rxb7 {[%emt 0:00:40]} Rd6 {[%emt 0:00:02]} 34. Re1 {[%emt 0:00:41]} Qh6 {[%emt 0:00:19]} 35. Rb6 {[%emt 0:00:47]} g5 {[%emt 0:00:03]} 36. Rg1 {[%emt 0:00:42]} Nxa5 {[%emt 0:00:48]} 37. Qxg5+ {[%emt 0:00:23]} Qxg5 {[%emt 0:00:03]} 38. Rxg5+ {[%emt 0:00:08]} Kh6 {[%emt 0:00:41]} 39. Rxd6+ {[%emt 0:00:14]} Kxg5 {[%emt 0:00:05]} 40. Rd5+ {[%emt 0:00:29]} Kf6 {[%emt 0:01:53]} 41. Rxa5 {[%emt 0:30:10]} Rxc4 {[%emt 0:30:06]} 42. Rxa6+ {[%emt 0:00:07]} Kg7 {[%emt 0:00:18]} 43. Kg3 {[%emt 0:00:28]} Kf8 {[%emt 0:01:11]} 44. Ra8+ {[%emt 0:00:06]} Kg7 {[%emt 0:00:06]} 45. Ra7 {[%emt 0:00:04]} Rc3 {[%emt 0:00:00]} 46. h4 {[%emt 0:00:00]} Kf6 {[%emt 0:00:00]} 47. Ra6+ {[%emt 0:00:00]} Kg7 {[%emt 0:00:00]} 48. Kf4 {[%emt 0:00:00]} Rc2 {[%emt 0:00:00]} 49. Rd6 {[%emt 0:00:00]} Rc4 {[%emt 0:00:00]} 50. Rd7 {[%emt 0:00:00]} Ra4 {[%emt 0:00:00]} 51. Bd5 {[%emt 0:00:00]} Ra1 {[%emt 0:00:00]} 52. Rxf7+ {[%emt 0:00:00]} Kh6 {[%emt 0:00:00]} 53. Rf6+ {[%emt 0:00:00]} Kg7 {[%emt 0:00:00]} 54. Rb6 {[%emt 0:00:00]} Rd1 {[%emt 0:00:00]} 55. Rb7+ {[%emt 0:00:00]} Kh8 {[%emt 0:00:00]} 56. Be4 {[%emt 0:00:00]} Rg1 {[%emt 0:00:00]} 57. Ne5 {[%emt 0:00:00]} Kg8 {[%emt 0:00:00]} 58. Ng6 {[%emt 0:00:00]} Rf1+ {[%emt 0:00:00]} 59. Kg5 {[%emt 0:00:00]} 1-0

[Event "Manhem Chess Week-GM 2019"]
[Site "Moelnlycke"]
[Date "2019.08.11"]
[Round "2.1"]
[White "Urkedal, Frode Olav Olsen"]
[Black "Wiedenkeller, Michael"]
[Result "0-1"]
[WhiteElo "2566"]
[BlackElo "2461"]
[Annotator "TA"]
[PlyCount "154"]
[EventDate "2019.08.10"]
[EventType "tourn"]
[EventCountry "SWE"]
[SourceTitle "playchess.com"]
[Source "ChessBase"]
[SourceQuality "1"]

{[%evp 13,154,4,9,25,14,23,20,14,7,15,22,10,28,14,18,0,28,0,6,0,-3,-4,-6,-22,-9,0,0,-14,-22,-25,50,45,61,75,74,60,64,69,175,172,164,172,171,121,140,136,150,101,175,174,203,191,354,356,352,335,349,298,434,434,434,327,327,294,279,247,224,150,460,458,370,34,106,4,3,0,0,0,0,0,0,0,0,-26,-11,-107,-84,-319,-213,-210,-158,-164,-32,-25,0,-141,-145,-145,-24,-127,-30,-30,-28,-26,-26,-26,-28,-28,-30,-30,-24,-460,-444,-1378,-988,-1358,-1383,-1320,-1239,-1384,-877,-1991,-1991,-1572,-2042,-1660,-1233,-4598,-4247,-5612,-2611,-1852,0,-2510,-2049,-29972,-29972,-29972,-29965,-29985,-29986,-29985,-29985]} 1. c4 Nf6 2. Nc3 e6 3. e4 d5 4. e5 d4 5. exf6 dxc3 6. bxc3 Qxf6 7. d4 b6 8. Be2 {A18: English Opening: Flohr-Mikenas System (1 c4 Nf6 2 Nc3 e6 3 e4)} (8. h4 Bb7 9. Bg5 Qf5 10. Bd3 Qa5 11. Kf1 Nc6 12. Rb1 f6 13. Bd2 O-O-O 14. a4 e5 15. c5 Bxc5 16. Rb5 Qa6 17. Rh3 Bxd4 18. Be2 Rd6 19. Rb1 Qa5 20. Rb5 Qa6 21. Rb1 Qa5 22. Rb5 {½-½ (22) Aronian,L (2794)-Ding,L (2769) Berlin 2018}) 8... Bb7 9. Bf3 Bxf3 10. Nxf3 {The position is equal.} Bd6 11. Qa4+ c6 12. O-O O-O 13. Bg5 Qf5 14. Rab1 Bc7 15. Rfe1 Rc8 $146 ({Predecessor:} 15... a6) 16. Kh1 a6 17. Bh4 b5 18. Qb3 Nd7 19. c5 e5 20. Re3 exd4 21. cxd4 Bf4 (21... a5 $11) 22. Re7 $14 Nf8 23. g3 Ng6 24. gxf4 Nxe7 25. Bxe7 Qxf4 (25... Re8 $1 $14 26. Re1 a5) 26. d5 $18 cxd5 27. Qxd5 Re8 28. Bd6 Qf6 29. Rg1 Rad8 30. Ne5 Re6 (30... Qe6 $16 31. Qg2 g6) 31. Ng4 $1 $36 {[%cal Rg4f6][%mdl 2048] Black is under strong pressure.} Qh4 32. Ne3 {Strongly threatening Rxg7+!} Rg6 $2 (32... Qe4+ 33. Qxe4 Rxe4) 33. Rxg6 hxg6 34. Kg2 Qf6 35. Ng4 Qh4 (35... Qf4 $142) 36. h3 Qh5 37. Qxh5 gxh5 38. Ne5 f6 39. Nc6 Re8 40. Nb4 a5 $2 (40... Kf7 $16) 41. Nd5 Kf7 42. Nb6 $2 (42. c6 $18) 42... Re6 (42... Ke6 $14) 43. f4 (43. Nc8 $16 Re2 44. c6) 43... a4 $11 44. Kf2 g6 45. Nd5 Re4 {And now ...b4 would win.} 46. Nc3 Rb4 47. Ke3 Ke6 48. Kd3 Rb2 {...a3 is the strong threat.} 49. f5+ (49. Bf8 $11 Kd7 50. Nd5) 49... gxf5 $17 50. a3 $2 (50. Bf4 $17 Kd7 51. Nd5) 50... b4 51. axb4 Rxb4 52. Bf8 Rb8 (52... f4 $19 53. c6 Rb8) 53. Bd6 $15 Rb4 ({Better is} 53... Ra8 $11 54. Kc2 a3) 54. Bf8 $1 $17 f4 55. c6 Rb8 (55... Rb3 $1 $17 56. Kc4 Rb6) 56. Bh6 (56. Bc5 $1 $11) 56... Ra8 (56... Rd8+ $1 $17 57. Ke4 a3 58. Bxf4 f5+ 59. Ke3 Ra8) 57. Bxf4 $11 a3 {[%cal Ba4a3,Ba3a2][%mdl 32] White must now prevent ...a2.} 58. c7 $1 Kd7 {Threatens to win with ...a2.} 59. Nd5 {Hoping for Nb6+.} Kc6 60. Nxf6 a2 61. Be5 Kb7 {aiming for ...Ra5.} 62. Ba1 $2 {[%mdl 8192] [#]} (62. Nd5 $11 {and White has nothing to worry.}) 62... Ra3+ $1 $19 63. Ke4 (63. Ke2 $142 Rxh3 64. Be5) 63... Rxh3 64. Kf4 Rh1 65. Be5 Re1 66. Bb2 Rb1 67. Be5 Rb5 68. Ba1 Kxc7 69. Kg3 Rb1 70. Be5+ Kc6 71. Bd4 {[#]} Rb5 (71... h4+ $142 $1 {[%mdl 512]} 72. Kg2 (72. Kxh4 Rb4) 72... Rd1) 72. Ba1 Rb1 73. Bd4 $1 Rh1 74. Kg2 Rd1 {Black mates.} 75. Bc3 Kc5 76. Nxh5 Kc4 77. Bf6 {[#]} Rd4 $1 {[%mdl 512] Accuracy: White = 45%, Black = 51%.} 0-1

[Event "Manhem Chess Week-GM 2019"]
[Site "Moelnlycke"]
[Date "2019.08.11"]
[Round "2.2"]
[White "Blomqvist, Erik"]
[Black "Vypkhaniuk, Ihor"]
[Result "1/2-1/2"]
[WhiteElo "2492"]
[BlackElo "2402"]
[Annotator "TA"]
[PlyCount "79"]
[EventDate "2019.08.10"]
[EventType "tourn"]
[EventCountry "SWE"]
[SourceTitle "playchess.com"]
[Source "ChessBase"]
[SourceQuality "1"]

{[%evp 11,79,21,12,12,18,17,27,27,36,18,22,13,21,0,22,16,16,16,14,2,7,2,35,37,40,41,31,16,65,57,58,45,56,54,66,60,84,52,57,42,41,32,87,84,89,86,85,89,96,65,64,86,69,64,64,40,26,0,8,0,0,0,0,0,8,0,0,0,0,0]} 1. e4 c5 2. Nf3 Nc6 3. Bb5 g6 4. O-O Bg7 5. Nc3 e5 6. d3 Nge7 7. Bc4 {B31: Sicilian: 2...Nc6 3 Bb5 g6} h6 (7... O-O 8. a3 d6 9. h3 h6 10. b4 Kh7 11. bxc5 dxc5 12. Rb1 b6 13. Nd5 Be6 14. Nxe7 Qxe7 {1-0 (55) Le,Q (2737)-Dubov,D (2694) Caleta 2018}) 8. a3 O-O 9. b4 {White has an edge.} d6 10. bxc5 dxc5 11. Rb1 b6 12. Nd5 Bb7 13. Nxe7+ $146 ({Predecessor:} 13. Bd2 Kh7 {½-½ (34) Popovic,D (2553)-Roganovic,M (2476) Valjevo 2011}) 13... Nxe7 14. h4 Kh7 15. h5 f5 16. Nh4 g5 17. Nxf5 Nxf5 18. exf5 Rxf5 19. a4 {[%cal Ba3a4,Ba4a5][%mdl 32]} Qd6 20. a5 Raf8 21. Qg4 Kh8 22. Be3 Bc8 23. Qe4 g4 24. axb6 (24. Qxg4 {is more complex.} Rxf2 25. Qe4 R2f6 26. Rxf6 Qxf6 27. Bd5) 24... axb6 25. Qxg4 Rxf2 26. Qe4 Rxf1+ ({Not} 26... Rxc2 $2 27. Rxf8+ Qxf8 28. Rxb6 $16) (26... Bf5 $14 27. Qb7 Bc8) 27. Rxf1 $16 Rxf1+ 28. Kxf1 Bd7 29. Kg1 b5 30. Bf7 Bc6 31. Qf5 Bd7 32. Qf2 c4 33. Bg6 cxd3 34. cxd3 Qf8 {The position is equal.} 35. Qa2 Be8 36. Qd5 {[#] Black must now prevent Bc5.} Bxg6 $1 37. hxg6 Qe8 38. Qd6 b4 39. Qxb4 {Hoping for Qe4.} Qxg6 40. Qe4 {Accuracy: White = 53%, Black = 61%.} 1/2-1/2

[Event "Manhem Chess Week-GM 2019"]
[Site "Moelnlycke"]
[Date "2019.08.11"]
[Round "2.3"]
[White "Seo, Jung Min"]
[Black "Lindgren, Philip"]
[Result "1-0"]
[WhiteElo "2399"]
[BlackElo "2362"]
[Annotator "NA"]
[PlyCount "79"]
[EventDate "2019.08.10"]
[EventType "tourn"]
[EventCountry "SWE"]
[SourceTitle "playchess.com"]
[Source "ChessBase"]
[SourceQuality "1"]
[TimeControl "40/5400+30:1800+30"]

1. e4 {[%emt 0:00:00]} e5 {[%emt 0:00:00]} 2. Nf3 {[%emt 0:00:00]} Nc6 {[%emt 0:00:06]} 3. Bb5 {[%emt 0:00:00]} a6 {[%emt 0:00:11]} 4. Ba4 {[%emt 0:00:00]} Nf6 {[%emt 0:00:13]} 5. O-O {[%emt 0:00:26]} Be7 {[%emt 0:00:28]} 6. d3 {[%emt 0:03:31]} d6 {[%emt 0:04:19]} 7. c3 {[%emt 0:00:50]} O-O {[%emt 0:03:13]} 8. Re1 {[%emt 0:01:07]} b5 {[%emt 0:08:19]} 9. Bc2 {[%emt 0:03:16]} Bb7 {[%emt 0:06:14]} 10. Nbd2 {[%emt 0:01:17]} Re8 {[%emt 0:01:36]} 11. Nf1 {[%emt 0:00:39]} Bf8 {[%emt 0:01:47]} 12. Ng3 {[%emt 0:02:55]} g6 {[%emt 0:06:50]} 13. d4 {[%emt 0:10:46]} exd4 {[%emt 0:14:05]} 14. cxd4 {[%emt 0:02:12]} Nb4 {[%emt 0:01:47]} 15. Bb1 {[%emt 0:06:23]} c5 {[%emt 0:00:54]} 16. d5 {[%emt 0:08:45]} a5 {[%emt 0:00:36]} 17. a3 {[%emt 0:05:28]} Na6 {[%emt 0:00:10]} 18. b3 {[%emt 0:00:29]} Bg7 {[%emt 0:04:45]} 19. Ra2 {[%emt 0:01:22]} Nd7 {[%emt 0:03:45]} 20. Bd3 {[%emt 0:03:16]} Nc7 {[%emt 0:01:10]} 21. Bd2 {[%emt 0:04:32]} Qe7 {[%emt 0:08:16]} 22. a4 {[%emt 0:01:27]} b4 {[%emt 0:08:18]} 23. Nf1 {[%emt 0:00:17]} Nb6 {[%emt 0:06:21]} 24. Bg5 {[%emt 0:02:34]} Qf8 {[%emt 0:04:33]} 25. Ne3 {[%emt 0:02:04]} h6 {[%emt 0:03:36]} 26. Bh4 {[%emt 0:00:41]} f5 {[%emt 0:07:02]} 27. exf5 {[%emt 0:00:32]} g5 {[%emt 0:01:07]} 28. Bxg5 {[%emt 0:13:20]} hxg5 {[%emt 0:00:25]} 29. Nxg5 {[%emt 0:00:35]} Ncxd5 {[%emt 0:01:56]} 30. Ne6 {[%emt 0:01:46]} Qf7 {[%emt 0:01:45]} 31. Nxd5 {[%emt 0:02:31]} Nxd5 {[%emt 0:01:08]} 32. Qg4 {[%emt 0:00:55]} Nc3 {[%emt 0:00:31]} 33. Rd2 {[%emt 0:00:19]} Qf6 {[%emt 0:00:33]} 34. Re3 {[%emt 0:02:01]} d5 {[%emt 0:00:26]} 35. h4 {[%emt 0:01:06]} Re7 {[%emt 0:00:30]} 36. Rg3 {[%emt 0:00:29]} Ne4 {[%emt 0:00:32]} 37. Bxe4 {[%emt 0:01:06]} dxe4 {[%emt 0:00:08]} 38. Rd6 {[%emt 0:00:44]} Qa1+ {[%emt 0:00:54]} 39. Kh2 {[%emt 0:00:05]} Rf8 {[%emt 0:00:29]} 40. Nxf8 {[%emt 0:00:25]} 1-0